A Critical Rethinking of the Condemned Other

Detalles Bibliográficos
Autor principal: Tottle, Sarah
Formato: eBook
Lenguaje:inglés
Publicado: Washington D. C.: Scholars' Press, 2019
Materias:
Acceso en línea:Acceso restringido

MARC

LEADER 00000nam a22000007a 4500
005 20190919134016.0
007 cr|||| ||||
008 190919s2019 us |||||s|||| 00||0 eng d
020 |a 9786138834601 
035 |a 29034 
040 |a vLex 
090 |c 9588  |d 9588 
100 1 |a Tottle, Sarah 
245 1 0 |a A Critical Rethinking of the Condemned Other  |h [Recurso electrn̤ico] /  |c Sarah Tottle 
256 |a Servicio en ln̕ea 
260 |a Washington D. C.:  |b Scholars' Press,  |c 2019 
300 |a 1 recurso electrn̤ico 
500 |a Capital punishment remains an ethical issue even today. America is the only country in the West to retain the death penalty. In a modern, pluralist society like the USA, capital punishment is complex. It is situated within an intricate history, unequally distributed between the North and South and unfairly administered to African-Americans. The horrors of the past have left a residue in the modern era. Thus, this book has aimed to show the complexities of capital punishment in the US state of Georgia and the ambivalence of identity for those on death row. I have utilised a case that made international news, that of Troy Anthony Davis, an African-American accused by the state of Georgia of murdering an Anglo-American police officer. 
506 1 |a Disponible solo en los productos indicados  |d vLex Global  |d vLex Global (Academic Edition, excluding Law Schools)  |d vLex Global (U.S. Academic Edition, Law Schools)  |d vLex Global (U.S. Academic Edition, excluding Law Schools)  |d vLex Global (Academic Edition, Law Schools) 
650 0 4 |a Derecho Pb︢lico y Administrativo  |z Estados Unidos 
740 0 |a vLex Libros (Servicio en ln̕ea) 
856 4 0 |u http://vlex.com/source/29034  |z Acceso restringido 
942 |c BOOK 
999 0 |a Public and Administrative Law